Memoria XXXIV (Record no. 8662)

MARC details
000 -CABECERA
campo de control de longitud fija 00528nam a2200181 a 4500
001 - NÚMERO DE CONTROL
campo de control BRCA_9011
005 - FECHA Y HORA DE LA ÚLTIMA TRANSACCIÓN
campo de control 20190320210506.0
008 - DATOS DE LONGITUD FIJA--INFORMACIÓN GENERAL
campo de control de longitud fija 190717s--------sp-a######---#000-0#spa-#
041 ## - CÓDIGO DE LENGUA
Código de lengua del texto/banda sonora o título independiente spa
044 ## - CÓDIGO DEL PAÍS DE LA ENTIDAD EDITORA/PRODUCTORA
Código MARC del país sp
084 ## - OTRO NÚMERO DE CLASIFICACIÓN
Número de clasificación BE78
Número de documento/Ítem .M46
245 10 - MENCIÓN DE TÍTULO
Título Memoria XXXIV
300 ## - DESCRIPCIÓN FÍSICA
Extensión 409 p. (t.3)
Dimensiones 21 x 15.5 cm
500 ## - NOTA GENERAL
Nota general Estado físico: presenta encuadernación en pergamino con lomo semi desprendido, cantos decorados. carece de cintas y presencia del pez de plata
500 ## - NOTA GENERAL
Nota general Sin portada
902 ## - CATALOGADOR
Iniciales CFM
942 ## - ELEMENTOS DE PUNTO DE ACCESO ADICIONAL (KOHA)
Fuente del sistema de clasificación o colocación Library of Congress Classification
Tipo de ítem Koha Libros
Holdings
Estado de retiro Estado de pérdida Estado dañado No para préstamo Localización permanente Ubicación/localización actual Fecha de adquisición Total de préstamos Signatura topográfica completa Código de barras Fecha visto por última vez Precio válido a partir de Tipo de ítem Koha
El ejemplar forma parte de la colección y puede ser consultado según las políticas vigentes.       Biblioteca del Museo Franz Mayer (Rogerio Casas-Alatriste) Biblioteca del Museo Franz Mayer (Rogerio Casas-Alatriste) 19/07/2017   BE78 .M46 CFM00393 22/03/2019 22/03/2019 Libros